| 000 | 00628nam a2200205Ia 4500 | ||
|---|---|---|---|
| 008 | 140626s9999 xx 000 0 und d | ||
| 100 | _aLazic, Dragana.. | ||
| 245 |
_aUS press coverage of the Fukushima nuclear power plant accident : _b frames, sources and news domestication / _c Dragana ... [et al.].Lazic |
||
| 260 | _cc2013. | ||
| 300 | _a40 : 3, page 260 | ||
| 440 | _aMedia Asia | ||
| 521 | _aMC | ||
| 650 | _aCommunication. | ||
| 650 | _aFukushima nuclear power plant accident. | ||
| 650 | _aNews domestication. | ||
| 650 | _aNews framing. | ||
| 650 | _aPress coverage. | ||
| 650 | _aSources. | ||
| 942 | _cSE | ||
| 999 |
_c121210 _d121210 |
||